000 00251 a2200109 4500
000 nam a22 7a 4500
005 20260313150434.0
100 _aKumar, Rahul
_9984354
245 _aMachine learning using R
260 _bWiley
_c2024
942 _cAUD
999 _c1715388
_d1715388